| 000 | 00439 a2200133 4500 | ||
|---|---|---|---|
| 001 | 90970 | ||
| 082 | _aPR 1776 | ||
| 090 |
_c43109 _d43109 |
||
| 100 | _aMuhammad Nauman Danish: Prof M Manzar Abbas and Irfan Shahid (Advisors) | ||
| 245 |
_aDesign and Demonstration of Remote condition Monitoring of Electrical power systems and Machines _n76th 'B' EC |
||
| 260 |
_aRawalpindi _bNUST _c2014 |
||
| 300 | _a85p | ||
| 500 | _aBE Project Reports | ||
| 942 |
_aCAE NUST _kPR 1776 |
||
| 999 |
_c326043 _d326043 |
||